[Event "C.to Regionale Calabria"]
[Site "Amantea ITA"]
[Date "2009.06.01"]
[Round "5"]
[White "Rizzuti, Pasquale"]
[Black "Caputo, Francesco"]
[Result "1-0"]
[WhiteElo "1814"]
[BlackElo "1584"]
[PlyCount "93"]
[EventDate "2009.05.30"]

1. e4 e5 2. Nf3 Nc6 3. Bb5 a6 4. Ba4 Nf6 5. O-O b5 6. Bb3 d6 7. Re1 Bg4 8. c3
Be7 9. d3 O-O 10. Be3 Na5 11. Bc2 c5 12. Nbd2 Nc6 13. h3 Bh5 14. Nf1 Qd7 15.
Ng3 Bg6 16. Nh4 Nh5 17. Nxg6 fxg6 18. Nxh5 gxh5 19. Qxh5 a5 20. Bb3+ Kh8 21.
Bd5 Rac8 22. Rf1 Bf6 23. a4 b4 24. Rfc1 Ne7 25. Bc4 d5 26. Bb5 Qd6 27. cxb4
cxb4 28. Rxc8 Rxc8 29. Rc1 Rxc1+ 30. Bxc1 dxe4 31. Qe8+ Ng8 32. Bc4 Qd8 33.
Qxd8 Bxd8 34. dxe4 Nf6 35. f3 Bb6+ 36. Kf1 h6 37. Ke2 Kh7 38. Be6 Kg6 39. g4
Ne8 40. f4 Bd4 41. f5+ Kf6 42. h4 g5 43. hxg5+ hxg5 44. b3 Nd6 45. Bd5 Bb6 46.
Kd3 Ke7 47. Bxg5+ 1-0

[Event "C.to Regionale Calabria"]
[Site "Amantea ITA"]
[Date "2009.06.01"]
[Round "5"]
[White "Sansosti, Simona"]
[Black "Vacchiano, Salvatore"]
[Result "0-1"]
[WhiteElo "1410"]
[BlackElo "1512"]
[PlyCount "78"]
[EventDate "2009.05.30"]

1. d4 Nf6 2. e3 g6 3. Bd3 Bg7 4. Nd2 d6 5. h3 O-O 6. Ngf3 Nbd7 7. O-O c5 8. c4
Qc7 9. d5 b5 10. b3 Nxd5 11. Rb1 bxc4 12. Ne4 cxd3 13. Qxd3 N7f6 14. Bb2 a5 15.
Rfc1 Nb4 16. Nxf6+ Bxf6 17. Qd2 Bxb2 18. Rxb2 Bf5 19. Ne1 Rfd8 20. g4 Be4 21.
f3 Bb7 22. Nc2 Nxc2 23. Rbxc2 Bxf3 24. a3 d5 25. Qf2 Be4 26. Rxc5 Qd7 27. Rc7
Qe8 28. Qf4 Rac8 29. h4 Rxc7 30. Rxc7 Rc8 31. h5 Rxc7 32. Qxc7 e5 33. h6 d4 34.
exd4 exd4 35. Qxa5 d3 36. Qg5 Qd7 37. Qf6 Qxg4+ 38. Kf1 Qe2+ 39. Kg1 Qg2# 0-1

[Event "C.to Regionale Calabria"]
[Site "Amantea ITA"]
[Date "2009.06.01"]
[Round "5"]
[White "Serratore, Vincenzo"]
[Black "Familari, Giuseppe"]
[Result "1-0"]
[WhiteElo "1900"]
[BlackElo "1861"]
[PlyCount "77"]
[EventDate "2009.05.30"]

1. d4 Nf6 2. Nd2 e6 3. c3 b6 4. Ngf3 Bb7 5. e3 Be7 6. Bd3 c5 7. Qe2 Nc6 8. Ne4
Nxe4 9. Bxe4 d5 10. Bd3 Qc7 11. Bd2 g5 12. h3 O-O-O 13. dxc5 bxc5 14. O-O-O Ne5
15. Nxe5 Qxe5 16. Ba6 c4 17. Bxb7+ Kxb7 18. Rhe1 Qc7 19. e4 Qa5 20. exd5 Qxa2
21. dxe6 Qa1+ 22. Kc2 Qa4+ 23. Kb1 fxe6 24. Qxe6 Ba3 25. Qe4+ Ka6 26. Qc2 Qb5
27. Ka2 Bc5 28. Re6+ Kb7 29. Qe4+ Kc7 30. Qe5+ Kb7 31. Kb1 Qa4 32. Qe4+ Kc7 33.
Qc2 Qb5 34. Rde1 Rb8 35. Bxg5 Rb7 36. Bf6 Rf8 37. Qxh7+ Kc8 38. Qc2 Bxf2 39.
Qxf2 1-0

[Event "C.to Regionale Calabria"]
[Site "Amantea ITA"]
[Date "2009.06.01"]
[Round "5"]
[White "Valotta, Massimiliano"]
[Black "Olivo, Paolo"]
[Result "0-1"]
[WhiteElo "1864"]
[BlackElo "1649"]
[PlyCount "66"]
[EventDate "2009.05.30"]

1. e4 c5 2. Bc4 e6 3. Nf3 a6 4. a4 d6 5. O-O Nc6 6. d3 Nf6 7. Bg5 Be7 8. Nbd2
h6 9. Bh4 Qb6 10. Qc1 Bd7 11. Re1 g5 12. Bg3 Nh5 13. Nf1 Nxg3 14. Nxg3 g4 15.
Nd2 h5 16. c3 Bg5 17. Qc2 O-O-O 18. Ba2 h4 19. Ngf1 g3 20. Nc4 Qc7 21. fxg3
hxg3 22. Nxg3 Rh7 23. d4 Rdh8 24. e5 d5 25. Nd6+ Kb8 26. dxc5 Bf4 27. Nf1 Nxe5
28. g3 Nf3+ 29. Kh1 Nxe1 30. Rxe1 Bxg3 31. Nxg3 Qxc5 32. Nxf7 Rxf7 33. Qg6 Qf2
0-1

[Event "C.to Regionale Calabria"]
[Site "Amantea ITA"]
[Date "2009.06.01"]
[Round "5"]
[White "Zampaglione, Davide"]
[Black "Rametta, Marcello"]
[Result "0-1"]
[WhiteElo "1608"]
[BlackElo "1738"]
[PlyCount "58"]
[EventDate "2009.05.30"]

1. e4 c5 2. Nf3 Nc6 3. Bb5 Nd4 4. Nxd4 cxd4 5. d3 Qa5+ 6. c3 Qxb5 7. cxd4 Qb4+
8. Nc3 Qxd4 9. Be3 Qb4 10. Qc2 e6 11. O-O Ne7 12. a3 Qa5 13. b4 Qc7 14. Rac1 a6
15. Qa4 Qb8 16. Bb6 Nc6 17. d4 Bd6 18. Ne2 O-O 19. e5 Be7 20. f4 d5 21. Qb3 Bd7
22. Rc3 a5 23. b5 a4 24. Qb1 Na5 25. Rh3 g6 26. Rff3 Nc4 27. Qd1 Nxb6 28. Rh6
Kg7 29. Rfh3 Rh8 0-1

[Event "C.to Regionale Calabria"]
[Site "Amantea ITA"]
[Date "2009.06.02"]
[Round "6"]
[White "Caputo, Francesco"]
[Black "De Rasis, Giovanni"]
[Result "1-0"]
[WhiteElo "1584"]
[BlackElo "1873"]
[PlyCount "59"]
[EventDate "2009.05.30"]

1. e4 d5 2. exd5 Nf6 3. Nf3 c6 4. dxc6 e5 5. cxb7 Bxb7 6. Bb5+ Bc6 7. Qe2 Bd6
8. Nxe5 O-O 9. Nxc6 Nxc6 10. Bxc6 Qc7 11. Qf3 Rac8 12. Ba4 Qc4 13. Bb3 Rfe8+
14. Kd1 Qa6 15. d3 Rc7 16. Bd2 Qc8 17. h3 Rc5 18. g4 h5 19. Rg1 Rce5 20. Nc3
hxg4 21. hxg4 R5e7 22. g5 Nd7 23. g6 Ne5 24. Qh5 Nxg6 25. Qxg6 Be5 26. Rh1 Bh2
27. Rxh2 Re1+ 28. Bxe1 Rxe1+ 29. Kxe1 Qe8+ 30. Kd2 1-0

[Event "C.to Regionale Calabria"]
[Site "Amantea ITA"]
[Date "2009.06.02"]
[Round "6"]
[White "De Crea, Francesco"]
[Black "Cicero, Angelo"]
[Result "1/2-1/2"]
[WhiteElo "1470"]
[BlackElo "1428"]
[PlyCount "91"]
[EventDate "2009.05.30"]

1. e4 b6 2. d4 Bb7 3. Nc3 e6 4. Bd3 Bb4 5. Bd2 Nf6 6. e5 Bxg2 7. Be4 Nxe4 8.
Nxe4 Bxh1 9. Qe2 Bxd2+ 10. Nxd2 Qg5 11. O-O-O Bd5 12. Ngf3 Bxf3 13. Qxf3 Nc6
14. Kb1 Nxd4 15. Qxa8+ Qd8 16. Qxd8+ Kxd8 17. Ne4 Nf3 18. h3 f5 19. exf6 gxf6
20. Nxf6 Ng5 21. Rxd7+ Kc8 22. Re7 Nxh3 23. Rxe6 Nxf2 24. Re7 h5 25. a3 h4 26.
Re2 h3 27. Rxf2 h2 28. Rxh2 Rxh2 29. b4 c5 30. Kb2 Kb7 31. Ne4 cxb4 32. axb4
Rh4 33. Nc3 Rxb4+ 34. Ka3 a5 35. Nd5 Rc4 36. Kb2 b5 37. c3 Kc6 38. Ne3 Kc5 39.
Nxc4 Kxc4 40. Kc2 a4 41. Kb2 Kc5 42. Ka3 Kc4 43. Kb2 b4 44. cxb4 Kxb4 45. Ka2
a3 46. Kb1 1/2-1/2

[Event "C.to Regionale Calabria"]
[Site "Amantea ITA"]
[Date "2009.06.02"]
[Round "6"]
[White "Familari, Giuseppe"]
[Black "Abatino, Maurizio"]
[Result "0-1"]
[WhiteElo "1861"]
[BlackElo "2174"]
[PlyCount "80"]
[EventDate "2009.05.30"]

1. e4 e6 2. d4 d5 3. Nc3 Bb4 4. e5 Ne7 5. a3 Bxc3+ 6. bxc3 b6 7. Bb5+ c6 8. Bd3
Ba6 9. Nf3 Qd7 10. a4 c5 11. a5 c4 12. Bf1 b5 13. Ba3 Nbc6 14. Qc1 O-O 15. g3
f6 16. Bh3 fxe5 17. Nxe5 Nxe5 18. dxe5 Rfe8 19. O-O Bb7 20. Bxe7 Rxe7 21. Qe3
a6 22. Qd4 Bc6 23. f4 Qa7 24. g4 Qxd4+ 25. cxd4 Rb7 26. f5 Bd7 27. Rf3 b4 28.
Kf2 Rab8 29. Ke1 b3 30. c3 b2 31. Rb1 Rb3 32. Kd2 Ra3 33. Kc2 Ba4+ 34. Kd2 Be8
35. Kc2 Ba4+ 36. Kd2 Ra1 37. Rff1 Ra2 38. g5 Be8 39. fxe6 h5 40. e7 Bf7 0-1

[Event "C.to Regionale Calabria"]
[Site "Amantea ITA"]
[Date "2009.06.02"]
[Round "6"]
[White "Fittante, Enrico"]
[Black "Rizzuti, Pasquale"]
[Result "0-1"]
[WhiteElo "1479"]
[BlackElo "1814"]
[PlyCount "80"]
[EventDate "2009.05.30"]

1. d4 c5 2. dxc5 e6 3. Nf3 Bxc5 4. e3 Nf6 5. Bd3 Nc6 6. a3 a5 7. Nc3 d5 8. O-O
O-O 9. b3 e5 10. Be2 Bg4 11. Bb2 Re8 12. h3 Bxf3 13. Bxf3 e4 14. Be2 Ne5 15.
Nb5 Rc8 16. Nd4 g6 17. g3 Nc6 18. Nxc6 bxc6 19. a4 Nd7 20. h4 Ne5 21. Kg2 f5
22. Qd2 Qe7 23. Bxe5 Qxe5 24. Qxa5 Bd6 25. Qd2 Rb8 26. a5 Re7 27. a6 Ra7 28.
Rfb1 Bb4 29. Qd1 Bc3 30. Ra4 c5 31. Qf1 Kg7 32. Bb5 Rb6 33. Rd1 h6 34. Ra2 g5
35. hxg5 hxg5 36. Bd7 f4 37. exf4 gxf4 38. Bh3 f3+ 39. Kh2 Rh6 40. Qb5 Rxh3+
0-1

[Event "C.to Regionale Calabria"]
[Site "Amantea ITA"]
[Date "2009.06.02"]
[Round "6"]
[White "Greco, Simone"]
[Black "Mercuri, Delia"]
[Result "0-1"]
[WhiteElo "1377"]
[BlackElo "1439"]
[PlyCount "178"]
[EventDate "2009.05.30"]

1. e4 e5 2. Nf3 Nf6 3. Nxe5 d6 4. Nf3 Nxe4 5. Qe2 Qe7 6. d3 Nf6 7. Qxe7+ Bxe7
8. Be2 Nc6 9. a3 Bd7 10. O-O O-O-O 11. Re1 h6 12. d4 Bg4 13. h3 Bxf3 14. Bxf3
d5 15. b4 Rhe8 16. c3 Bd6 17. Rxe8 Rxe8 18. Bd2 Ne4 19. b5 Na5 20. Bg4+ Kb8 21.
g3 Nb3 22. Ra2 Nexd2 23. Nxd2 Nc1 24. Ra1 Ne2+ 25. Bxe2 Rxe2 26. Nf3 f6 27. a4
b6 28. a5 bxa5 29. Rxa5 Rc2 30. Nh4 Rxc3 31. Nf5 Bf8 32. b6 axb6 33. Rxd5 Kc8
34. Nh4 Rd3 35. Ng6 Bd6 36. Kf1 Kb7 37. Ke2 Ra3 38. Nf4 Kc6 39. Rf5 Kd7 40. Nd3
Ke6 41. g4 Ra1 42. h4 g6 43. Rf3 g5 44. hxg5 fxg5 45. d5+ Kxd5 46. Rf6 Rh1 47.
Kf3 Kd4 48. Nb2 Be5 49. Rf7 Rh3+ 50. Kg2 Rh2+ 51. Kf3 Kc3 52. Nd1+ Kd3 53. Rd7+
Bd6 54. Ne3 Rh1 55. Nf5 Rh3+ 56. Kg2 Rh2+ 57. Kf3 Kc4 58. Nxd6+ cxd6 59. Kg3
Rh1 60. Kg2 Rd1 61. Rh7 b5 62. Rxh6 b4 63. Rh8 Rd5 64. Rh1 b3 65. Kf3 b2 66.
Ke4 Rd4+ 67. Ke3 Kc3 68. Rb1 Rd3+ 69. Ke2 Rd5 70. Ke3 Kc2 71. Rxb2+ Kxb2 72.
Ke4 Rd2 73. f4 gxf4 74. Kxf4 d5 75. Ke3 Kc2 76. g5 d4+ 77. Ke4 d3 78. g6 Rg2
79. Kf5 d2 80. Kf6 d1=Q 81. g7 Qf1+ 82. Ke5 Rxg7 83. Ke6 Rg3 84. Ke5 Re3+ 85.
Kd4 Qd3+ 86. Kc5 Re6 87. Kb4 Rb6+ 88. Kc5 Qd6+ 89. Kc4 Rb4# 0-1

[Event "C.to Regionale Calabria"]
[Site "Amantea ITA"]
[Date "2009.06.02"]
[Round "6"]
[White "Nicoletta, Oscare"]
[Black "Mercurio, Rosario"]
[Result "1-0"]
[WhiteElo "1368"]
[BlackElo "1372"]
[PlyCount "70"]
[EventDate "2009.05.30"]

1. d4 Nf6 2. Nf3 e6 3. g3 d5 4. Bg2 c5 5. O-O Nc6 6. c3 Qb6 7. Nbd2 cxd4 8. Qa4
dxc3 9. bxc3 Bd7 10. Rb1 Qc7 11. Nb3 Ne5 12. Qd4 Nxf3+ 13. Bxf3 e5 14. Qe3 e4
15. Bg2 O-O-O 16. Nd4 Bc5 17. Bb2 h5 18. Qg5 Be7 19. Nf5 Bf8 20. Nxg7 Be7 21.
Nf5 Qe5 22. Nxe7+ Qxe7 23. c4 Ng8 24. Qxe7 Nxe7 25. Bxh8 Rxh8 26. cxd5 Nxd5 27.
Bxe4 Bc6 28. Rbc1 Re8 29. Bxd5 Kb8 30. Bxc6 bxc6 31. e3 Re6 32. Rc5 Rh6 33. h4
Kc7 34. Kg2 Kb6 35. Rf5 f6 1-0

[Event "C.to Regionale Calabria"]
[Site "Amantea ITA"]
[Date "2009.06.02"]
[Round "6"]
[White "Rametta, Marcello"]
[Black "Valotta, Massimiliano"]
[Result "1-0"]
[WhiteElo "1738"]
[BlackElo "1864"]
[PlyCount "71"]
[EventDate "2009.05.30"]

1. e4 c6 2. Nf3 d5 3. exd5 cxd5 4. d4 Nf6 5. h3 e6 6. Bd3 Bd6 7. c3 O-O 8. Bg5
Nc6 9. Qc2 h6 10. Be3 e5 11. dxe5 Nxe5 12. Nbd2 Nxd3+ 13. Qxd3 Bd7 14. O-O Bc6
15. Bd4 Ne4 16. Ne5 f5 17. Ndf3 g5 18. Nxc6 bxc6 19. Be5 Bxe5 20. Nxe5 Qd6 21.
Nf3 Rab8 22. b3 h5 23. c4 g4 24. hxg4 hxg4 25. Nh4 Qf6 26. g3 d4 27. Rae1 Nc5
28. Qd2 Ne4 29. Qf4 d3 30. Nxf5 Nc3 31. Qxg4+ Kh8 32. Qh5+ Kg8 33. Ne7+ Kg7 34.
Re5 Ne2+ 35. Kg2 Rf7 36. Qg4+ 1-0

[Event "C.to Regionale Calabria"]
[Site "Amantea ITA"]
[Date "2009.06.02"]
[Round "6"]
[White "Scalise, Sandro"]
[Black "Vacchiano, Salvatore"]
[Result "1-0"]
[WhiteElo "1586"]
[BlackElo "1512"]
[PlyCount "65"]
[EventDate "2009.05.30"]

1. d4 Nf6 2. Nc3 d6 3. e4 g6 4. Be3 Bg7 5. Be2 O-O 6. Nf3 c6 7. O-O b5 8. e5
dxe5 9. Nxe5 a6 10. Qd2 Re8 11. Bh6 Bh8 12. h4 Nd5 13. Ne4 Nf6 14. Ng5 Be6 15.
h5 Nxh5 16. Nxe6 fxe6 17. Bxh5 Bxe5 18. Bxg6 hxg6 19. dxe5 Qxd2 20. Bxd2 Nd7
21. f4 Nb6 22. Be3 Nc4 23. Bd4 Rad8 24. Rad1 c5 25. Bxc5 Nxb2 26. Rxd8 Rxd8 27.
Bxe7 Rd2 28. Rf2 Rd1+ 29. Kh2 Ra1 30. a3 Nc4 31. Rf3 Ra2 32. Rc3 Nxa3 33. Rxa3
1-0

[Event "C.to Regionale Calabria"]
[Site "Amantea ITA"]
[Date "2009.06.02"]
[Round "6"]
[White "Sorbara, Emilio"]
[Black "Scerra, Ezio"]
[Result "0-1"]
[WhiteElo "1446"]
[BlackElo "1332"]
[PlyCount "72"]
[EventDate "2009.05.30"]

1. d4 g6 2. c4 Nf6 3. Nc3 Bg7 4. e4 d6 5. Nf3 O-O 6. Qc2 c5 7. d5 Bg4 8. Be3
Na6 9. a3 Bxf3 10. gxf3 Qa5 11. Qa4 Qxa4 12. Nxa4 Nd7 13. f4 Rab8 14. Rb1 Bd4
15. Bxd4 cxd4 16. Rd1 Nac5 17. Nxc5 dxc5 18. e5 Nb6 19. h4 Rbd8 20. h5 e6 21.
d6 f6 22. hxg6 hxg6 23. b4 Nd7 24. bxc5 fxe5 25. fxe5 Rf4 26. Bh3 Nxc5 27. Rg1
Re4+ 28. Kf1 Kg7 29. f3 Rf8 30. Kf2 d3 31. d7 Rxe5 32. Rge1 Ne4+ 33. Kg2 Rg5+
34. Kh2 Nc5 35. Bxe6 Nxe6 36. Rxe6 Rh8# 0-1

[Event "C.to Regionale Calabria"]
[Site "Amantea ITA"]
[Date "2009.06.02"]
[Round "6"]
[White "Zampaglione, Davide"]
[Black "Violi, Vincenzo"]
[Result "1/2-1/2"]
[WhiteElo "1608"]
[BlackElo "1644"]
[PlyCount "107"]
[EventDate "2009.05.30"]

1. e4 c5 2. Nf3 d6 3. Bc4 e6 4. Nc3 a6 5. a4 b6 6. O-O Bb7 7. d3 Be7 8. Re1 Nd7
9. Bf4 Ngf6 10. Qd2 O-O 11. h3 Qc7 12. Re2 Rac8 13. Rd1 Rfd8 14. Kh1 Nf8 15.
Ree1 Ng6 16. Bh2 Qc6 17. Qe2 d5 18. exd5 exd5 19. Bb3 Re8 20. Qf1 Bd6 21. Bxd6
Qxd6 22. Rxe8+ Rxe8 23. Re1 Qc6 24. Rxe8+ Qxe8 25. Qe2 Qc6 26. Ne5 Nxe5 27.
Qxe5 d4 28. Qb8+ Qc8 29. Qxc8+ Bxc8 30. Nd5 Nxd5 31. Bxd5 Bd7 32. b3 Be6 33.
Bxe6 fxe6 34. Kh2 Kf7 35. Kg3 e5 36. Kf3 g6 37. Ke4 Ke6 38. h4 h6 39. f4 exf4
40. Kxf4 Kd5 41. g4 Ke6 42. h5 g5+ 43. Ke4 b5 44. axb5 axb5 45. Kf3 Kd5 46. Kg3
c4 47. bxc4+ bxc4 48. dxc4+ Kxc4 49. Kf3 Kc3 50. Ke4 Kc4 51. Ke5 Kc3 52. Ke4
Kc4 53. Ke5 Kc3 54. Ke4 1/2-1/2

[Event "C.to Regionale Sicilia"]
[Site "Erice ITA"]
[Date "2009.05.30"]
[Round "1"]
[White "Arini, Mario"]
[Black "Valguarnera, Girolamo"]
[Result "0-1"]
[WhiteElo "1639"]
[BlackElo "2127"]
[PlyCount "56"]
[EventDate "2009.05.30"]

1. Nf3 Nf6 2. g3 g6 3. d4 Bg7 4. Bg2 O-O 5. O-O d6 6. Nbd2 Nc6 7. c3 e5 8. dxe5
dxe5 9. e4 Qd3 10. Re1 Rd8 11. h3 Be6 12. Re3 Qd7 13. Kh2 h5 14. Re1 a5 15. a4
Bc4 16. b3 Bd3 17. Bb2 Bh6 18. Nc4 Qe6 19. Nfd2 Bxc4 20. bxc4 Rxd2 21. Qb3 Rxf2
22. Bc1 Bxc1 23. Raxc1 h4 24. Kg1 hxg3 25. Rcd1 Nh5 26. Re3 Qf6 27. Rdd3 Rxg2+
28. Kxg2 Qf2+ 0-1

[Event "C.to Regionale Sicilia"]
[Site "Erice ITA"]
[Date "2009.05.30"]
[Round "1"]
[White "Camarda, Giuseppe"]
[Black "Bertino, Giacomo"]
[Result "0-1"]
[WhiteElo "1553"]
[BlackElo "2027"]
[PlyCount "90"]
[EventDate "2009.05.30"]

1. c4 e6 2. g3 Nf6 3. Bg2 d5 4. d3 Be7 5. Nc3 O-O 6. cxd5 exd5 7. d4 Re8 8. Qb3
c6 9. Nf3 a5 10. a3 Nbd7 11. Qd1 Qb6 12. O-O Bd6 13. e3 Ne4 14. Qc2 f5 15. Nh4
Ndf6 16. Bh3 g6 17. Rb1 Qc7 18. Bg2 Bd7 19. f4 Rec8 20. Bxe4 dxe4 21. Qb3+ Kg7
22. Bd2 Re8 23. Rfc1 Be6 24. Qd1 Qf7 25. b4 axb4 26. axb4 b5 27. Ng2 Ra6 28.
Rb2 Rea8 29. Ne1 Bc4 30. h3 Qe7 31. g4 Qd7 32. g5 Nd5 33. Nxd5 Bxd5 34. Qc2 Qa7
35. Qd1 Bxf4 36. h4 Bb8 37. Qe2 Qc7 38. Qg2 Ra2 39. Rcb1 f4 40. exf4 e3 41. Qe2
exd2 42. Rxa2 dxe1=R+ 43. Rxe1 Rxa2 44. Qe5+ Qxe5 45. dxe5 Ba7+ 0-1

[Event "C.to Regionale Sicilia"]
[Site "Erice ITA"]
[Date "2009.05.30"]
[Round "1"]
[White "Cerami, Giuseppe"]
[Black "Napolitano, Giuseppe"]
[Result "1-0"]
[WhiteElo "1682"]
[BlackElo "1335"]
[PlyCount "73"]
[EventDate "2009.05.30"]

1. b4 b5 2. e3 e5 3. Bb2 Bb7 4. a3 a6 5. Bxe5 Qg5 6. Bg3 Nf6 7. Nf3 Bxf3 8.
Qxf3 c6 9. d4 Qg4 10. Be2 Qxf3 11. Bxf3 d5 12. Nd2 Be7 13. O-O O-O 14. c3 Nbd7
15. Rfe1 Nb6 16. e4 Nc4 17. Nxc4 bxc4 18. exd5 Nxd5 19. Bxd5 Ra7 20. Bxc6 Bg5
21. Re2 Re7 22. Rae1 Rxe2 23. Rxe2 h5 24. h3 Kh7 25. a4 f5 26. Be5 Bf6 27. b5
axb5 28. axb5 Bd8 29. Bd6 Rf6 30. Be7 Bxe7 31. Rxe7 Rf8 32. d5 Kg6 33. d6 Kf6
34. Re8 Rxe8 35. Bxe8 Ke6 36. d7 Ke7 37. b6 1-0

[Event "C.to Regionale Sicilia"]
[Site "Erice ITA"]
[Date "2009.05.30"]
[Round "1"]
[White "Dagnino, Marcello"]
[Black "Salvaggio, Salvatore"]
[Result "0-1"]
[WhiteElo "1419"]
[BlackElo "1760"]
[PlyCount "92"]
[EventDate "2009.05.30"]

1. e4 c5 2. Nf3 e6 3. d4 cxd4 4. Nxd4 Nf6 5. Nc3 d6 6. Be2 Be7 7. O-O a6 8. a4
Qc7 9. Kh1 O-O 10. Be3 b6 11. Bd3 Bd7 12. h3 Nc6 13. Nxc6 Bxc6 14. Qe2 Qb7 15.
Qf3 Rfd8 16. g4 d5 17. Qg3 d4 18. Kg1 dxc3 19. f3 Nd7 20. b3 Nc5 21. Be2 Nd7
22. Rad1 Bc5 23. Qf2 Bxe3 24. Qxe3 Rac8 25. Bd3 b5 26. a5 Qc7 27. f4 Bb7 28.
Kh2 Nc5 29. b4 Nxd3 30. Rxd3 Rxd3 31. cxd3 c2 32. Rc1 Qd6 33. Kg3 Rc3 34. Kh4
Rxd3 35. Qb6 Qxb6 36. axb6 Rc3 37. e5 Kf8 38. f5 Ke7 39. f6+ gxf6 40. exf6+
Kxf6 41. Rf1+ Ke7 42. Rc1 Kd6 43. Kg5 Be4 44. h4 Kc6 45. Kf6 Rf3+ 46. Ke7 Kxb6
0-1

[Event "C.to Regionale Sicilia"]
[Site "Erice ITA"]
[Date "2009.05.30"]
[Round "1"]
[White "Di Via, Saverio"]
[Black "Piazza, Francesco"]
[Result "1-0"]
[WhiteElo "1740"]
[BlackElo "1386"]
[PlyCount "31"]
[EventDate "2009.05.30"]

1. d4 d5 2. c4 Nf6 3. Nc3 e6 4. Bg5 Bb4 5. e3 O-O 6. Bd3 c6 7. Qc2 Bxc3+ 8.
bxc3 g6 9. Nf3 Re8 10. h4 Nbd7 11. h5 Nf8 12. hxg6 fxg6 13. Ne5 Qd6 14. Bxf6
dxc4 15. Bxg6 Bd7 16. Bxh7+ 1-0

[Event "C.to Regionale Sicilia"]
[Site "Erice ITA"]
[Date "2009.05.30"]
[Round "1"]
[White "Ferrante, Filippo"]
[Black "Ferrante, Marco"]
[Result "0-1"]
[WhiteElo "1587"]
[BlackElo "2113"]
[PlyCount "74"]
[EventDate "2009.05.30"]

1. Nf3 c5 2. c4 Nf6 3. Nc3 Nc6 4. g3 g6 5. Bg2 Bg7 6. O-O O-O 7. d3 d5 8. cxd5
Nxd5 9. Nxd5 Qxd5 10. Nd2 Qd7 11. Rb1 b6 12. b3 Bb7 13. Bb2 Nd4 14. e3 Ne6 15.
Nf3 Rfd8 16. Bxg7 Kxg7 17. Ne5 Qc7 18. f4 Bxg2 19. Kxg2 Qb7+ 20. Kf2 f6 21. Nc4
Qd5 22. Nb2 h5 23. Qf3 Nc7 24. Rfd1 Rd7 25. Qxd5 Nxd5 26. Rbc1 e5 27. e4 Nc7
28. a4 exf4 29. gxf4 Ne6 30. Ke3 Nd4 31. Rc3 g5 32. Rg1 Kg6 33. fxg5 fxg5 34.
Nc4 Re8 35. Nd2 Rf7 36. h4 g4 37. Rg3 Nf5+ 0-1

[Event "C.to Regionale Sicilia"]
[Site "Erice ITA"]
[Date "2009.05.30"]
[Round "1"]
[White "Fiducioso, Marco"]
[Black "Monaco, Alessandro"]
[Result "1-0"]
[WhiteElo "2124"]
[BlackElo "1599"]
[PlyCount "53"]
[EventDate "2009.05.30"]

1. e4 d5 2. exd5 Nf6 3. Nf3 Nxd5 4. d4 g6 5. Bc4 Bg7 6. O-O O-O 7. c3 Nc6 8.
Bg5 h6 9. Bh4 Bg4 10. h3 Bf5 11. Re1 Nf6 12. Nbd2 Re8 13. Nb3 Nd7 14. g4 g5 15.
Bxg5 hxg5 16. gxf5 Nb6 17. Bxf7+ Kxf7 18. Nxg5+ Kg8 19. Ne6 Rf8 20. Qg4 Rf7 21.
Nxd8 Rxd8 22. Nc5 Rd5 23. Ne6 Rdxf5 24. Kh1 Rxf2 25. Rg1 Nd5 26. Nxg7 Nf6 27.
Qg6 1-0

[Event "C.to Regionale Sicilia"]
[Site "Erice ITA"]
[Date "2009.05.30"]
[Round "1"]
[White "Gangemi, Salvatore"]
[Black "Pantano, Giuseppe"]
[Result "1-0"]
[WhiteElo "2100"]
[BlackElo "1557"]
[PlyCount "105"]
[EventDate "2009.05.30"]

1. c4 e5 2. Nc3 Nf6 3. g3 d5 4. cxd5 Nxd5 5. Bg2 c6 6. Qb3 Nxc3 7. dxc3 Bc5 8.
Nf3 Qc7 9. Qc4 Bb6 10. Qe4 Nd7 11. O-O O-O 12. Rd1 Re8 13. Qh4 Nf6 14. h3 Bf5
15. Bg5 Re6 16. Nd2 Rd8 17. Ne4 Bxe4 18. Bxe4 h6 19. Bxf6 Rxf6 20. e3 Rfd6 21.
Rxd6 Rxd6 22. Qg4 Qd7 23. Bf5 Qd8 24. Bc2 Rd2 25. Qf5 Qf6 26. Qxf6 gxf6 27. Rc1
Kf8 28. Kf1 Ke7 29. Ke1 Rd8 30. Bf5 Kf8 31. Ke2 Kg7 32. h4 Rd5 33. Bc8 Rd6 34.
b4 Bc7 35. Bxb7 f5 36. c4 f4 37. c5 Re6 38. Rd1 fxg3 39. fxg3 e4 40. g4 h5 41.
gxh5 Rh6 42. Rd4 Rxh5 43. Rxe4 Rh6 44. a4 Bg3 45. Rg4+ Rg6 46. Kf3 Rxg4 47.
Kxg4 Be1 48. b5 cxb5 49. c6 Ba5 50. axb5 f6 51. Kf5 Bc7 52. Ke6 Kg6 53. Kd7 1-0

[Event "C.to Regionale Sicilia"]
[Site "Erice ITA"]
[Date "2009.05.30"]
[Round "1"]
[White "Gigante, Giovanni"]
[Black "Giannilivigni, Marco"]
[Result "0-1"]
[WhiteElo "1773"]
[BlackElo "1431"]
[PlyCount "136"]
[EventDate "2009.05.30"]

1. e4 c6 2. d4 d5 3. e5 Bf5 4. Nc3 e6 5. g4 Bg6 6. Nge2 Bb4 7. Nf4 Ne7 8. h4 h6
9. Nxg6 Nxg6 10. h5 Nf8 11. Rh3 Nh7 12. a3 Be7 13. Ne2 c5 14. Bd2 Nc6 15. Nf4
Nxd4 16. c4 Ng5 17. Rc3 Qc7 18. Qa4+ Kd8 19. Re3 Ndf3+ 20. Kd1 Nxd2 21. cxd5
Nxf1 22. Rd3 Kc8 23. d6 Bxd6 24. exd6 Qd7 25. Qa5 b6 26. Qa6+ Qb7 27. d7+ Kc7
28. Qa4 Rhd8 29. Ke2 Nh2 30. Rc1 Qc6 31. Qxc6+ Kxc6 32. b4 Rxd7 33. bxc5 Rxd3
34. cxb6+ Kxb6 35. Nxd3 Nxg4 36. f4 Ne4 37. Rc4 Nd6 38. Rb4+ Kc7 39. Nc5 Rc8
40. Kd3 Nf6 41. Kd4 Nd7 42. Na6+ Kd8 43. a4 Nb6 44. Nc5 Nf5+ 45. Ke4 Rxc5 46.
Kd3 Rd5+ 47. Ke4 Nd7 48. Kf3 Nf6 49. Rb8+ Kc7 50. Ra8 Kb7 51. Rf8 Nd6 52. Rd8
Nfe8 53. Rd7+ Kb6 54. Re7 Ra5 55. Kg4 Rxa4 56. Rd7 Rc4 57. Rxa7 Kxa7 58. Kg3
Kb6 59. Kf3 Kc5 60. Kg3 f5 61. Kh3 Rxf4 62. Kg3 e5 63. Kh3 Rg4 64. Kh2 Kd4 65.
Kh3 Ke3 66. Kh2 Kf3 67. Kh3 Kf2 68. Kh2 Rh4# 0-1

[Event "C.to Regionale Sicilia"]
[Site "Erice ITA"]
[Date "2009.05.30"]
[Round "1"]
[White "Mancuso, Fabrizio"]
[Black "Lo Piccolo, Antonino"]
[Result "0-1"]
[WhiteElo "1305"]
[BlackElo "1680"]
[PlyCount "98"]
[EventDate "2009.05.30"]

1. e4 e5 2. Nf3 Nc6 3. Bb5 a6 4. Bxc6 dxc6 5. O-O Qf6 6. d4 exd4 7. Bg5 Qg6 8.
Qxd4 Ne7 9. Re1 Bg4 10. Nbd2 Rd8 11. Qc3 f6 12. Bf4 Rd7 13. e5 Kd8 14. e6 Nd5
15. Qc4 Re7 16. Nh4 Qh5 17. Bg3 Rxe6 18. Rxe6 Bxe6 19. Qd4 c5 20. Qe4 Bd7 21.
c4 Bc6 22. cxd5 Bxd5 23. Qd3 Bd6 24. Bxd6 cxd6 25. Re1 Re8 26. Rxe8+ Kxe8 27.
b3 Qd1+ 28. Qf1 Qxd2 29. Nf5 Kd7 30. Nxg7 Qg5 31. f3 Qxg7 32. Qd3 Kc6 33. a4
Qg6 34. Qc3 Qg5 35. b4 Qe5 36. b5+ axb5 37. axb5+ Kxb5 38. Qd3+ Bc4 39. Qb1+
Kc6 40. Qc1 Qe2 41. h3 Qf1+ 42. Qxf1 Bxf1 43. Kxf1 b5 44. g4 b4 45. h4 b3 46.
g5 fxg5 47. hxg5 b2 48. Kg2 Kd5 49. Kg3 b1=Q 0-1

[Event "C.to Regionale Sicilia"]
[Site "Erice ITA"]
[Date "2009.05.30"]
[Round "1"]
[White "Meo, Antonino"]
[Black "Meli, Massimo"]
[Result "0-1"]
[WhiteElo "1434"]
[BlackElo "1908"]
[PlyCount "62"]
[EventDate "2009.05.30"]

1. e4 e5 2. Bc4 Bc5 3. b4 Bxb4 4. c3 Be7 5. d4 Nc6 6. Nf3 d6 7. Be3 Nf6 8. dxe5
dxe5 9. Qxd8+ Bxd8 10. Nbd2 O-O 11. Bc5 Be7 12. Bxe7 Nxe7 13. Nxe5 Nd7 14. Nd3
Rd8 15. Rd1 c6 16. O-O b5 17. Bb3 a5 18. Nf3 a4 19. Bc2 Nb6 20. Nc5 Bg4 21.
Rxd8+ Rxd8 22. Ne5 Be2 23. Rc1 Nc4 24. Nxc4 Bxc4 25. f4 Rd2 26. a3 g6 27. e5
Nd5 28. Ne4 Re2 29. Rd1 Rxc2 30. Nf6+ Nxf6 31. exf6 Bd5 0-1

[Event "C.to Regionale Sicilia"]
[Site "Erice ITA"]
[Date "2009.05.30"]
[Round "1"]
[White "Messina, Damiano"]
[Black "Guarino, Giuseppe"]
[Result "1-0"]
[WhiteElo "2003"]
[BlackElo "1503"]
[PlyCount "65"]
[EventDate "2009.05.30"]

1. e4 c5 2. Nf3 d6 3. d4 cxd4 4. Nxd4 Nf6 5. Nc3 a6 6. Bc4 e5 7. Nde2 Be7 8.
Bb3 Nc6 9. f3 O-O 10. Be3 b5 11. Qd2 Bb7 12. O-O-O Qc7 13. g4 Na5 14. g5 Nxb3+
15. axb3 Nh5 16. Ng3 g6 17. Nxh5 gxh5 18. Qf2 Qa5 19. Kb1 Qd8 20. Ne2 Kh8 21.
Qh4 Rg8 22. Rhg1 Rg6 23. Qxh5 a5 24. Rg4 b4 25. Ng3 Bc8 26. Nf5 Bxf5 27. exf5
Rg7 28. f6 Bxf6 29. gxf6 Qxf6 30. Rxg7 Qxg7 31. Rxd6 a4 32. bxa4 Rxa4 33. Rd8+
1-0